Educação, estágio e trabalho (Record no. 60194)

MARC details
000 -LÍDER
campo de controle de tamanho fixo 00377 a2200157 4500
001 - NÚMERO DE CONTROLE
campo de controle 60194
020 ## - ISBN - INTERNATIONAL STANDARD BOOK NUMBER
ISBN - International Standard Book Number 8599362100
040 ## - FONTE DA CATALOGAÇÃO
Instituição que transcreveu o registro Anchieta - Pituba
100 ## - ENTRADA PRINCIPAL--NOME PESSOAL
Nome pessoal Niskie, Arnaldo
240 10 - TÍTULO UNIFORME
Título uniforme Educação, estágio e trabalho
Idioma da obra por
245 10 - TÍTULO
Título Educação, estágio e trabalho
300 ## - DESCRIÇÃO FÍSICA
Extensão 230
362 0# - DATAS DE PUBLICAÇÃO E/OU DESIGNAÇÃO SEQUENCIAL
Datas de publicação e/ou designação sequencial 0
650 #4 - ASSUNTO--TERMO TÓPICO
Cabeçalho tópico ou nome geográfico Objetivos específicos da educação
942 ## - ELEMENTOS DE ENTRADA ADICIONADOS (KOHA)
Tipo de material Koha Livros
Holdings
Situação do descarte Situação das perdas Situação física Não pode ser emprestado Biblioteca de origem Biblioteca atual Data de aquisição Total de empréstimos Código de barras Data de último acesso Data do preço efetivo Tipo de material Koha Número de chamada completo
        Colégio Anchieta - Pituba Colégio Anchieta - Pituba 21/11/2023   11792/PIT 21/11/2023 21/11/2023 Livros  
        Colégio Anchieta - Pituba Colégio Anchieta - Pituba 21/11/2023   11793/PIT 21/11/2023 21/11/2023 Livros  
        Colégio Anchieta - Pituba Colégio Anchieta - Pituba 21/11/2023   22086/PIT 21/11/2023 21/11/2023 Livros 370 N724e NIS EDU